| 000 | 00552nam a22001817a 4500 | ||
|---|---|---|---|
| 999 |
_c172375 _d172375 |
||
| 005 | 20200204141220.0 | ||
| 010 | _aENG-127632 | ||
| 020 |
_a9789388478373 _c295.00 |
||
| 035 | _aEN-111164 | ||
| 037 | _bDBAD/PUB | ||
| 082 | _a921 | ||
| 100 | _aThota,Aparna | ||
| 245 |
_aPoorna the youngest girl in the world to Scale MountEverest/ _bby Aparna Thota |
||
| 260 |
_aBengaluru _bPrism Books _c2019 |
||
| 270 |
_bBengaluru _a1865,32nd cross,10th Main Bsk II stage _e560070 |
||
| 300 |
_a161p. _b21cm(pbk) |
||
| 942 |
_2ddc _cEN _h921 _mTHO |
||